Protecting the UK's foundations (Record no. 112749)

MARC details
000 -LEADER
fixed length control field 01171cad a22001815a 4500
001 - CONTROL NUMBER
control field L153889
008 - FIXED-LENGTH DATA ELEMENTS--GENERAL INFORMATION
fixed length control field 110916s2011 xxk f 000 0 eng d
035 ## - SYSTEM CONTROL NUMBER
System control number (Sirsi) u153889
041 0# - LANGUAGE CODE
Language code of text/sound track or separate title eng
110 2# - MAIN ENTRY--CORPORATE NAME
Corporate name or jurisdiction name as entry element Confederation of British Industry
9 (RLIN) 414
245 00 - TITLE STATEMENT
Title Protecting the UK's foundations
Remainder of title a blueprint for energy-intensive industries
Medium [electronic resource]
260 ## - PUBLICATION, DISTRIBUTION, ETC.
Place of publication, distribution, etc. [S.l.]
Name of publisher, distributor, etc. CBI
Date of publication, distribution, etc. 2011
520 ## - SUMMARY, ETC.
Summary, etc. Recommends that government moves quickly to ensure the global competitiveness of the UK's most energy-intensive manufacturers which are threatened with rising costs, climate change and energy policies. Argues that policy changes are necessary to support these industries including exemption from the carbon floor price and more support for energy efficiency technologies.
651 #4 - SUBJECT ADDED ENTRY--GEOGRAPHIC NAME
Geographic name England and Wales
Chronological subdivision 1543-
690 ## - LOCAL SUBJECT ADDED ENTRY--TOPICAL TERM (OCLC, RLIN)
Topical term or geographic name as entry element ENVIRONMENTAL AND LAND CONSULTANCY-PLANNING AND DEVELOPMENT
856 40 - ELECTRONIC LOCATION AND ACCESS
Uniform Resource Identifier <a href="https://www.constructionproducts.org.uk/newsdesk/dbfiles/CBI%20Report%20Protecting%20the%20UK's%20Foundations%20-%20A%20blueprint%20for%20energy-intensive%20users%20Aug%202011.pdf">https://www.constructionproducts.org.uk/newsdesk/dbfiles/CBI%20Report%20Protecting%20the%20UK's%20Foundations%20-%20A%20blueprint%20for%20energy-intensive%20users%20Aug%202011.pdf</a>
Public note View the item free of charge at www.constructionproducts.org.uk
942 ## - ADDED ENTRY ELEMENTS (KOHA)
Suppress in OPAC 0
Holdings
Withdrawn status Lost status Source of classification or shelving scheme Damaged status Not for loan Home library Current library Shelving location Date acquired Total Checkouts Full call number Barcode Date last seen Copy number Price effective from Koha item type
    Dewey Decimal Classification     Virtual Virtual Online 16/09/2011   ONLINE PUBLICATION 153889-2001 06/08/2019 1 06/08/2019 Book